000 00535nam a22002057a 4500
999 _c7185
_d7185
003 OSt
005 20210908162200.0
008 210908b ||||| |||| 00| 0 eng d
020 _a0443074100
040 _cDNM
082 _aWG140 J41e 2007
100 _aDean, Jenkins Richard; John, Gerred Stephen
_914776
245 _aECGs by Example
250 _a2nd ed.
260 _aElsever; Edinburgh, 2005
300 _aviii,223p;
_bCol.ill:
_c28CM
504 _aIndex included
650 _aCardiac system
_914777
942 _2z
_cO_SHELF